Statistics for 10 countries with the biggest population by religion

Click here to take the quiz!

General Stats

  • This quiz has been taken 2,043 times
  • The average score is 52 of 60

Answer Stats

HintAnswer% Correct
1United States
99%
4United States
99%
1United States
99%
9United States
99%
1China
98%
6India
98%
3India
98%
6Russia
98%
1Russia
98%
5United Kingdom
98%
5United Kingdom
98%
1Indonesia
96%
9Indonesia
96%
10Brazil
95%
1Brazil
95%
3Brazil
95%
2Japan
95%
6France
94%
3France
94%
5Italy
94%
2Mexico
94%
8Germany
93%
8Germany
93%
7Iran
93%
2Israel
93%
2Pakistan
93%
5Egypt
92%
6Egypt
92%
9Spain
91%
7Argentina
89%
4Canada
89%
2Nigeria
88%
6Nigeria
88%
4Thailand
88%
4Ukraine
87%
3Vietnam
87%
8Turkey
86%
10Poland
85%
4Bangladesh
84%
5Greece
84%
3Romania
81%
4South Africa
81%
7South Korea
81%
9Algeria
80%
9Australia
80%
5Myanmar
80%
2Ethiopia
78%
10Ethiopia
78%
10Cambodia
77%
3Philippines
77%
8Colombia
76%
7Congo (D.R.)
74%
6Congo (D.R.)
74%
8Bulgaria
71%
10Morocco
70%
10Belarus
69%
7Serbia
67%
8Taiwan
64%
9Sri Lanka
59%
7Kenya
56%

Score Distribution

Percentile by Number Answered

Percent of People with Each Score

Your Score History

You have not taken this quiz